000
00295nam a2200109Ia 4500
008
200302s9999 xx 000 0 und d
100
_a
Drew Pankett
245
_a
Construction and Detailling for Interior Design
260
_b
Lourence King New Book House Ltd.,
260
_c
2010
300
_a
293 P.,
999
_c
2876
_d
2876